Market structure and trade policy in developing countries : (Record no. 2370)

MARC details
000 -LEADER
fixed length control field 01329cam a2200361 a 4500
001 - CONTROL NUMBER
control field 12371200
003 - CONTROL NUMBER IDENTIFIER
control field OSt
005 - DATE AND TIME OF LATEST TRANSACTION
control field 20230622153926.0
008 - FIXED-LENGTH DATA ELEMENTS--GENERAL INFORMATION
fixed length control field 010227s1996 ke a b 000 0 eng
010 ## - LIBRARY OF CONGRESS CONTROL NUMBER
LC control number 00379591
020 ## - INTERNATIONAL STANDARD BOOK NUMBER
International Standard Book Number 9966900896
035 ## - SYSTEM CONTROL NUMBER
System control number (DLC) 00379591
040 ## - CATALOGING SOURCE
Original cataloging agency DLC
Transcribing agency DLC
042 ## - AUTHENTICATION CODE
Authentication code lcode
043 ## - GEOGRAPHIC AREA CODE
Geographic area code d------
082 ## - DEWEY DECIMAL CLASSIFICATION NUMBER
Classification number 330
Item number DOS
100 1# - MAIN ENTRY--PERSONAL NAME
Personal name Dostie, Benoît.
245 10 - TITLE STATEMENT
Title Market structure and trade policy in developing countries :
Remainder of title a general equilibrium approach /
Statement of responsibility, etc. Benoît Dostie, John Cockburn, and Bernard Decaluwé.
260 ## - PUBLICATION, DISTRIBUTION, ETC. (IMPRINT)
Place of publication, distribution, etc. Nairobi :
Name of publisher, distributor, etc. African Economic Research Consortium,
Date of publication, distribution, etc. c1996.
300 ## - PHYSICAL DESCRIPTION
Extent 50 p. :
Other physical details ill. ;
Dimensions 25 cm.
440 #0 - SERIES STATEMENT/ADDED ENTRY--TITLE
Title AERC special paper ;
Volume/sequential designation 24
500 ## - GENERAL NOTE
General note "November 1996."
504 ## - BIBLIOGRAPHY, ETC. NOTE
Bibliography, etc Includes bibliographical references (p. 38-43).
650 #0 - SUBJECT ADDED ENTRY--TOPICAL TERM
Topical term or geographic name as entry element Free trade
Geographic subdivision Developing countries
General subdivision Econometric models.
650 #0 - SUBJECT ADDED ENTRY--TOPICAL TERM
Topical term or geographic name as entry element Industrial organization (Economic theory)
General subdivision Econometric models.
650 #0 - SUBJECT ADDED ENTRY--TOPICAL TERM
Topical term or geographic name as entry element Competition
General subdivision Econometric models.
651 #0 - SUBJECT ADDED ENTRY--GEOGRAPHIC NAME
Geographic name Developing countries
General subdivision Commercial policy
-- Econometric models.
700 1# - ADDED ENTRY--PERSONAL NAME
Personal name Cockburn, John.
700 1# - ADDED ENTRY--PERSONAL NAME
Personal name Decaluwé, Bernard.
906 ## - LOCAL DATA ELEMENT F, LDF (RLIN)
a 7
b cbc
c origode
d 3
e ncip
f 20
g y-gencatlg
942 ## - ADDED ENTRY ELEMENTS (KOHA)
Source of classification or shelving scheme Dewey Decimal Classification
Koha item type Books
Holdings
Withdrawn status Lost status Source of classification or shelving scheme Damaged status Not for loan Home library Current library Date acquired Total Checkouts Full call number Barcode Date last seen Price effective from Koha item type
    Dewey Decimal Classification     County Hall Archives County Hall Archives 06/22/2023   330 DOS 10009744 06/22/2023 06/22/2023 Books
LIBRARY OPENING HOURS

When the Parliament is sitting: 8.00a.m - 7.00p.m or until the house adjourns
Mondays and Fridays and when the House is on Recess:  8.00a.m - 5.00p.m
Closed on Weekends and Public Holidays

Online Public Access Catalog (OPAC)
Website: http://www.parliament.go.ke
Bunge Library: https://libraryir.parliament.go.ke
Contact: library@parliament.go.ke | Tel no: (254-2)2221291 or 2848000 Ext 5043